The technique of theory construction /

Guardado en:
Autor Principal: Woodger, Joseph Henry.
Formato: Libro
Idioma:English
Publicado: Chicago : University of Chicago Press, 1939.
Series:International Encyclopedia of Unified Science ; v. II, no. 5
Etiquetas: Agregar Etiqueta
Sin Etiquetas, Sea el primero en etiquetar este registro!
LEADER 00517nam a22001455a 4500
001 MAT.inmabb000751
008 031119s1939####ilu###########001#0#eng#d
005 20110302145527.0
245 1 4 |a The technique of theory construction /  |c by J. H. Woodger. 
260 |a Chicago :  |b University of Chicago Press,  |c 1939. 
300 |a iii, 81 p. ;  |c 24 cm. 
440 0 |a International Encyclopedia of Unified Science ;  |v v. II, no. 5 
100 1 |a Woodger, Joseph Henry. 
084 |a 03B10 (03A05)  |2 msc2000 
859 |h 03  |i W887t  |p A-556  |b BIB. MATEMATICA